| 000 | 00871nam0a2200289 i 4500 | ||
|---|---|---|---|
| 001 | RU\NLR\BIBL_A\011295296 | ||
| 005 | 20240726225205.0 | ||
| 010 |
_a9785170995554 _92500 |
||
| 021 |
_aRU _b2016-92685 _96127 |
||
| 035 | _a(NLR Aleph) 011295296 | ||
| 090 |
_a10945955 _c10945955 |
||
| 100 | _a20161220d2016 m y0rusy50 ca | ||
| 101 | 0 | _arus | |
| 102 | _aRU | ||
| 105 | _aa z 000ay | ||
| 200 | 1 |
_aЖнец _iПечать Змеи _e[роман] _fКонстантин Храбрых |
|
| 210 |
_aМосква _cАСТ _d2016 |
||
| 215 |
_a344, [1] c _cил. _d21 |
||
| 225 | 1 | _aВедунская серия | |
| 333 | _a16+ | ||
| 686 | 2 | _aШ6(2=Р)8-445 | |
| 700 | 1 |
_aХрабрых _bК. И. _gКонстантин Игоревич |
|
| 942 | _cBOOK | ||
| 980 | _aNBR | ||